| 000 -LEADER |
| fixed length control field |
00563nam a22000977a 4500 |
| 008 - FIXED-LENGTH DATA ELEMENTS--GENERAL INFORMATION |
| fixed length control field |
180702b ||||| |||| 00| 0 eng d |
| 100 ## - MAIN ENTRY--AUTHOR'S NAME |
| Author's Name |
Shelley, Ronald |
| 245 ## - TITLE STATEMENT |
| Title |
Franco Spain and her European Neighbours |
| 260 ## - PUBLICATION, DISTRIBUTION, ETC. (IMPRINT) |
| Place of publication, distribution, etc. |
Wandsworth, England |
| Name of publisher, distributor, etc. |
Spanish Civil War Study Group |
| Date of publication, distribution, etc. |
1964 |
| 650 ## - TOPICAL TERM (Tag) |
| Topical term or geographic name |
Spain -- History -- Civil War, 1936-1939 | Spanish Civil War | Spain | Military Conflicts | Postal History | 1936-1940 | Military Mail | Censored Mail | Prisoner-of-War and Internee Mail | Postal Markings | Europe | France | Italy | Germany | Great Britain | Ireland | Portugal |